Data and computer communications (Record no. 15646)

MARC details
000 -LEADER
fixed length control field 00547nam a22001937a 4500
003 - CONTROL NUMBER IDENTIFIER
control field OSt
005 - DATE AND TIME OF LATEST TRANSACTION
control field 20231027112953.0
008 - FIXED-LENGTH DATA ELEMENTS--GENERAL INFORMATION
fixed length control field 231027b |||||||| |||| 00| 0 eng d
020 ## - INTERNATIONAL STANDARD BOOK NUMBER
International Standard Book Number 0131006819
040 ## - CATALOGING SOURCE
Transcribing agency Chuka University Library
050 ## - LIBRARY OF CONGRESS CALL NUMBER
Classification number TK 5105
Item number .S73 2004
100 ## - MAIN ENTRY--PERSONAL NAME
Personal name Stallings, William.
9 (RLIN) 3310
245 ## - TITLE STATEMENT
Title Data and computer communications
250 ## - EDITION STATEMENT
Edition statement 7th ed
260 ## - PUBLICATION, DISTRIBUTION, ETC.
Place of publication, distribution, etc. Upper Saddle River
Name of publisher, distributor, etc. Pearson Education
Date of publication, distribution, etc. 2004
300 ## - PHYSICAL DESCRIPTION
Extent 847p.
Other physical details Illustrated
650 ## - SUBJECT ADDED ENTRY--TOPICAL TERM
Topical term or geographic name entry element Data & computer communications
9 (RLIN) 13097
942 ## - ADDED ENTRY ELEMENTS (KOHA)
Source of classification or shelving scheme Library of Congress Classification
Koha item type Long Loan Books
Suppress in OPAC No
Holdings
Withdrawn status Lost status Source of classification or shelving scheme Damaged status Not for loan Collection Home library Current library Shelving location Date acquired Total Checkouts Full call number Barcode Date last seen Price effective from Koha item type
    Library of Congress Classification     General Collection Books Main Campus Library Main Campus Library General Stacks 27/10/2023   TK 5105 .S73 2004 21676/2023 27/10/2023 27/10/2023 Long Loan Books

Powered by Koha